Derby County Trivia - Statistics

General Stats
  • This quiz has been taken 61 times
  • The average score is 10 of 15
Answer Stats
Question Answer % Correct
What is Derby County’s nickname? The {Rams}
98%
What is the name of Derby County’s stadium? Pride Park Stadium
94%
Who is the current head coach of Derby County? John Eustace
88%
In the 2007/08 season, Derby County were relegated from the Premier League with how many points, a record low in the top flight? 11
78%
Who is the current captain of Derby County? Ebou Adams
75%
In 2008, a survey found that Derby County fans consider their biggest East Midlands Derby to be with which club? Nottingham Forest
75%
From 1895 to 1997, Derby County played at which ground? Baseball Ground
71%
Who managed Derby County from 1967 to 1973, guiding them from the Second Division to First Division champions within five years? Brian Clough
71%
Which Englishman is Derby County’s record goalscorer with 332? Steve Bloomer
67%
Who is Derby County’s record signing, arriving from Arsenal for £10m in 2019? Krystian Bielik
59%
Which club did Derby County face in the semi-finals of the 1972/73 European Cup, their peak in continental football? Juventus
53%
Who is Derby County’s record sale, departing for £11.3m to Huddersfield Town in 2017? Tom Ince
51%
Which club did Derby County beat 4-1 in the 1946 FA Cup Final? Charlton Athletic
43%
Which Englishman is Derby County’s record appearance-maker with 589? Kevin Hector
39%
Who made 530 appearances for Derby County as a player, before returning as manager in 1993? Roy McFarland
35%
No matching quizzes found
Score Distribution
Percent of People with Each Score
Percentile by Number Answered
Your Score History
You have not taken this quiz